Most Searched Metal Albums on Wikipedia - Statistics

General Stats
  • This quiz has been taken 30 times
    20 since last reset
  • The average score is 54 of 185
Answer Stats
Page Views Year of Release Sub-Genre Album % Correct
7,954,302 1991 Heavy Metal Metallica
100%
5,481,246 1984 Thrash Metal Ride the Lightning
93%
7,701,743 1986 Thrash Metal Master of Puppets
87%
4,632,515 1970 Heavy Metal / Hard Rock Paranoid
87%
2,349,737 1986 Thrash Metal Reign In Blood
87%
5,402,492 1988 Thrash Metal ...And Justice for All
80%
4,786,808 1970 Heavy Metal / Hard Rock Black Sabbath
80%
5,542,079 1983 Thrash Metal Kill 'Em All
80%
3,400,615 1992 Rap Metal Rage Against the Machine
80%
2,580,562 1990 Thrash Metal Rust In Peace
80%
3,967,074 1982 NWOBHM / Heavy Metal The Number of the Beast
73%
6,984,998 2000 Nu Metal / Rap Rock Hybrid Theory
67%
2,582,874 2001 Nu Metal Iowa
67%
3,309,197 1980 NWOBHM / Heavy Metal Iron Maiden
67%
2,569,015 1981 NWOBHM / Heavy Metal Killers
67%
3,858,353 1996 Hard Rock / Heavy Metal Load
67%
4,709,140 2003 Nu Metal / Rap Rock Meteora
67%
2,725,940 1984 Heavy Metal Powerslave
67%
3,057,298 1997 Hard Rock / Heavy Metal Reload
67%
3,394,012 1999 Nu Metal Slipknot
67%
1,762,330 1992 Heavy Metal Countdown to Extinction
60%
3,182,908 2001 Progressive Metal / Alternative Metal Lateralus
60%
3,049,727 1971 Heavy Metal / Traditional Doom Metal Master of Reality
60%
2,263,081 2001 Neue Deutsche Härte Mutter
60%
1,032,414 1979 Heavy Metal / Hard Rock Overkill
60%
1,851,498 1986 Thrash Metal Peace Sells... But Who's Buying?
60%
2,313,055 1972 Heavy Metal / Hard Rock Vol. 4
60%
1,076,931 1987 Thrash Metal Among the Living
53%
1,863,585 1980 Heavy Metal British Steel
53%
1,839,548 1990 Groove Metal / Thrash Metal Cowboys From Hell
53%
2,066,003 1994 Nu Metal Korn
53%
1,837,416 1990 Heavy Metal Painkiller
53%
2,685,374 1983 Heavy Metal / NWOBHM Piece of Mind
53%
1,315,988 1990 Thrash Metal Seasons In the Abyss
53%
1,283,000 1988 Thrash Metal South of Heaven
53%
3,913,582 2003 Alternative Metal St. Anger
53%
3,259,838 2001 Alternative Metal Toxicity
53%
1,943,527 1992 Groove Metal Vulgar Display of Power
53%
1,523,151 1994 Heavy Metal Youthanasia
53%
2,079,910 2008 Alternative Metal All Hope Is Gone
47%
3,638,415 2008 Thrash Metal Death Magnetic
47%
2,628,260 1992 Grunge / Alternative Metal Dirt
47%
1,381,292 1994 Groove Metal Far Beyond Driven
47%
1,836,653 1998 Nu Metal Follow the Leader
47%
5,053,497 2016 Heavy Metal Hardwired... to Self-Destruct
47%
1,637,062 1985 Thrash Metal / Speed Metal Killing Is My Business... and Business Is Good!
47%
2,516,414 1973 Heavy Metal / Hard Rock Sabbath Bloody Sabbath
47%
1,555,176 1982 Heavy Metal Screaming for Vengeance
47%
1,536,175 1988 Heavy Metal So Far, So Good... So What!
47%
2,466,391 1986 Heavy Metal Somewhere In Time
47%
1,858,802 2023 Heavy Metal 72 Seasons
40%
3,095,753 1996 Alternative Metal / Progressive Metal Ænima
40%
1,479,883 1997 Nu Metal / Alternative Metal Around the Fur
40%
1,762,432 1990 Grunge / Alternative Metal Facelift
40%
2,425,752 1992 Heavy Metal Fear of the Dark
40%
2,522,196 1980 Heavy Metal Heaven and Hell
40%
1,882,512 2019 Neue Deutsche Härte Rammstein
40%
1,044,438 1987 Death Metal Scream Bloody Gore
40%
1,013,905 1995 Technical Death Metal Symbolic
40%
2,207,586 2004 Alternative Metal / Nu Metal Vol. 3: (The Subliminal Verses)
40%
2,097,259 2013 Heavy Metal / Traditional Doom Metal 13
33%
1,964,472 1995 Grunge / Alternative Metal Alice In Chains
33%
2,607,957 1980 Heavy Metal / Hard Rock Blizzard of Ozz
33%
2,368,536 2000 Nu Metal / Rap Metal / Rap Rock Chocolate Starfish and the Hot Dog Flavored Water
33%
1,267,615 2001 Thrash Metal / Groove Metal God Hates Us All
33%
1,098,839 1985 Thrash Metal Hell Awaits
33%
1,970,966 1983 Heavy Metal Holy Diver
33%
1,073,031 1991 Technical Death Metal / Death Metal Human
33%
1,786,159 2005 Alternative Metal Hypnotize
33%
1,322,370 1992 Progressive Metal Images and Words
33%
1,680,867 1981 Heavy Metal Mob Rules
33%
2,247,149 1997 Neue Deutsche Härte Sehnsucht
33%
1,118,190 1999 Nu Metal / Rap Metal Significant Other
33%
1,833,224 2002 Alternative Metal Steal This Album!
33%
2,172,615 1998 Alternative Metal System of a Down
33%
1,472,709 1999 Rap Metal The Battle of Los Angeles
33%
1,203,029 1996 Groove Metal The Great Southern Trendkill
33%
1,165,332 1998 Progressive Metal / Technical Death Metal The Sound of Perseverance
33%
1,917,610 2000 Alternative Metal White Pony
33%
1,972,527 2006 Alternative Metal / Progressive Metal / Progressive Rock 10,000 Days
27%
2,459,960 2014 Alternative Metal .5: The Gray Chapter
27%
1,751,828 1991 Grunge / Alternative Metal Badmotorfinger
27%
1,777,631 2000 Heavy Metal Brave New World
27%
1,080,886 1993 Groove Metal / Thrash Metal Chaos A.D.
27%
2,415,909 1970 Hard Rock / Heavy Metal Deep Purple In Rock
27%
1,308,651 1984 Heavy Metal Defenders of the Faith
27%
1,270,570 1996 Atmospheric Black Metal / Ambient Filosofem
27%
1,367,003 1999 Nu Metal Issues
27%
1,960,794 1978 Hard Rock / Heavy Metal Never Say Die!
27%
1,908,422 1991 Heavy Metal / Hard Rock No More Tears
27%
2,059,220 2004 Neue Deutsche Härte Reise, Reise
27%
1,453,885 2015 Thrash Metal Repentless
27%
1,147,721 1996 Groove Metal / Nu Metal / Alternative Metal Roots
27%
1,974,740 1975 Heavy Metal / Hard Rock Sabotage
27%
1,633,013 1983 Glam Metal / Heavy Metal Shout at the Devil
27%
1,216,147 1977 Heavy Metal Sin After Sin
27%
1,294,198 1978 Heavy Metal Stained Class
27%
3,245,976 2015 Heavy Metal The Book of Souls
27%
1,174,607 1986 Heavy Metal / Hard Rock / Glam Metal Turbo
27%
2,318,008 1993 Alternative Metal Undertow
27%
1,526,888 1992 Heavy Metal Dehumanizer
20%
2,094,478 1994 Black Metal De Mysteriis Dom Sathanas
20%
1,928,193 2016 Thrash Metal / Heavy Metal Dystopia
20%
1,575,042 1996 Rap Metal Evil Empire
20%
2,137,374 1995 Neue Deutsche Härte Herzeleid
20%
1,363,630 1996 Nu Metal Life Is Peachy
20%
1,157,866 1977 Hard Rock / Heavy Metal Motörhead
20%
1,777,247 1990 Heavy Metal No Prayer for the Dying
20%
1,482,456 2000 Rap Metal / Alternative Metal Renegades
20%
1,840,351 1976 Hard Rock / Heavy Metal Rising
20%
1,510,379 1976 Heavy Metal Sad Wings of Destiny
20%
1,515,124 2021 Heavy Metal Senjutsu
20%
1,861,305 1976 Hard Rock / Heavy Metal Technical Ecstasy
20%
1,223,730 2000 Nu Metal The Sickness
20%
1,722,628 1995 Heavy Metal The X Factor
20%
1,597,904 1998 Heavy Metal Virtual XI
20%
1,969,467 2019 Alternative Metal / Nu Metal We Are Not Your Kind
20%
1,612,811 2006 Heavy Metal A Matter of Life and Death
13%
1,254,903 1992 Alternative Metal Angel Dust
13%
2,172,235 1996 Industrial Rock / Industrial Metal Antichrist Superstar
13%
1,609,177 2007 Alternative Metal / Heavy Metal Avenged Sevenfold
13%
1,038,902 2006 Thrash Metal Christ Illusion
13%
1,096,827 1997 Heavy Metal Cryptic Writings
13%
1,728,911 2003 Heavy Metal Dance of Death
13%
2,572,949 2019 Progressive Metal / Post-Metal Fear Inoculum
13%
1,351,039 1978 Heavy Metal Killing Machine
13%
1,281,565 1978 Hard Rock / Heavy Metal Long Live Rock 'n' Roll
13%
1,837,199 2011 Avant-Garde Metal / Heavy Metal Lulu
13%
1,614,565 1999 Progressive Metal Metropolis Pt. 2: Scenes from a Memory
13%
1,563,455 2010 Heavy Metal Nightmare
13%
1,231,133 1988 Heavy Metal / Progressive Metal Operation: Mindcrime
13%
1,004,216 2001 Groove Metal Reinventing the Steel
13%
1,606,495 2013 Metalcore / Post-Hardcore / Alternative Metal Sempiternal
13%
1,672,504 2010 Heavy Metal The Final Frontier
13%
1,141,932 2002 Nu Metal / Alternative Metal Untouchables
13%
1,304,044 2022 Neue Deutsche Härte Zeit
13%
1,070,446 2009 Alternative Metal / Grunge Black Gives Way to Blue
7%
1,782,505 1983 Hard Rock / Heavy Metal Born Again
7%
1,248,783 2005 Heavy Metal City of Evil
7%
1,104,723 1994 Heavy Metal / Hard Rock Cross Purposes
7%
1,362,753 2013 Heavy Metal Hail to the King
7%
1,104,593 1988 Heavy Metal Headless Cross
7%
1,096,342 2012 Alternative Metal Koi No Yokan
7%
2,410,961 2009 Neue Deutsche Härte / Industrial Metal Liebe ist für alle da
7%
1,030,863 1989 Grunge / Alternative Metal / Hard Rock Louder Than Love
7%
1,748,525 2015 Hard Rock / Heavy Metal Meliora
7%
1,094,289 2004 Symphonic Metal / Power Metal Once
7%
1,100,058 2003 Rap Rock / Nu Metal Results May Vary
7%
1,771,681 2005 Neue Deutsche Härte / Industrial Metal Rosenrot
7%
1,466,974 1986 Hard Rock / Heavy Metal Seventh Star
7%
1,030,094 2005 Alternative Metal Ten Thousand Fists
7%
1,798,791 2016 Power Metal The Last Stand
7%
1,205,328 1989 Alternative Metal / Funk Metal The Real Thing
7%
1,235,177 2016 Nu Metal / Alternative Metal The Serenity of Suffering
7%
1,040,872 2004 Heavy Metal The System Has Failed
7%
1,381,725 1982 Hard Rock / Heavy Metal Blackout
0%
1,413,767 2012 Power Metal Carolus Rex
0%
1,003,945 2006 Deathcore Count Your Blessings
0%
1,631,690 1982 Hard Rock / Heavy Metal Creatures of the Night
0%
1,118,918 2007 Symphonic Metal / Power Metal Dark Passion Play
0%
1,462,842 2015 Symphonic Metal Endless Forms Most Beautiful
0%
2,390,615 2003 Alternative Metal Fallen
0%
1,562,057 2014 Power Metal Heroes
0%
1,179,782 1981 Hard Rock / NWOBHM High 'n' Dry
0%
1,801,452 2015 Alternative Metal Immortalized
0%
1,542,454 1979 Hard Rock / Heavy Metal Lovedrive
0%
1,156,280 2010 Heavy Metal / Hard Rock Opus Eponymous
0%
1,076,818 1981 Hard Rock / Heavy Metal Point of Entry
0%
1,338,976 1994 Industrial Rock / Alternative Metal Portrait of an American Family
0%
1,290,591 2005 Power Metal Primo Victoria
0%
1,497,768 1984 Hard Rock / Heavy Metal Scorpions
0%
2,470,494 1988 Heavy Metal Seven Son of a Seventh Son
0%
1,104,422 1978 Hard Rock / Heavy Metal Taken by Force
0%
1,013,227 2008 Power Metal The Art of War
0%
1,344,004 2016 Rock Opera / Progressive Rock / Progressive Metal The Astonishing
0%
1,408,692 1987 Heavy Metal The Eternal Idol
0%
1,091,535 2003 Industrial Rock / Industrial Metal The Golden Age of Grotesque
0%
2,672,544 2014 Alternative Metal / Alternative Rock The Hunting Party
0%
1,065,128 2006 Alternative Metal / Alternative Rock The Open Door
0%
1,432,779 2016 Heavy Metal The Stage
0%
1,511,483 1986 Heavy Metal / Hard Rock The Ultimate Sin
0%
1,401,643 1981 Glam Metal / Heavy Metal Too Fast for Love
0%
1,180,255 1990 Heavy Metal Tyr
0%
1,018,139 1988 Grunge / Alternative Metal Ultramega OK
0%
1,041,165 2003 Melodic Metalcore Waking the Fallen
0%
No matching quizzes found
Score Distribution
Percent of People with Each Score
Percentile by Number Answered
Your Score History
You have not taken this quiz since the last reset